Normal view
MARC view
Entry Geographic Name
001 - CONTROL NUMBER
- control field: 9111
003 - CONTROL NUMBER IDENTIFIER
- control field: ARRUPE
005 - DATE AND TIME OF LATEST TRANSACTION
- control field: 20140318112700.0
008 - FIXED-LENGTH DATA ELEMENTS
- fixed length control field: 140318|| aca||aabn | a|a d
040 ## - CATALOGING SOURCE
- Original cataloging agency: ARRUPE
- Transcribing agency: ARRUPE
151 ## - HEADING--GEOGRAPHIC NAME
- Geographic name: Congo (Democratic Republic)
- General subdivision: Politics and government
- Chronological subdivision: 1997-
670 ## - SOURCE DATA FOUND
- Source citation: Work cat.: (ARRUPE)0: Reyntjens, Filip. 9109, The great African war :, 2009.